000 01136aam a2200313 i 4500
999 _c45960
_d45960
001 768714001
003 CO-MdFUSB
005 20201106122556.0
007 ta
008 200528t1959 enka|||| |||| 00| 0 eng d
020 _a[No incluye ISBN]
040 _bspa.
_aCO-MdFUSB
_cCO-MdFUSB
_dCO-MdFUSBC
_erda
041 _aeng
082 0 4 _223
_a901
_bD17s
100 _aD'Arcy, Martin Cyril,
_eautor
245 1 4 _aThe sense of history :
_csecular and sacred
_b/ Martin Cyril D'Arcy
264 1 _aLondres :
_b Faber and Faber,
_c[1959]
264 4 _c© 1959
300 _a309 páginas
_c; 23 cm
336 _2rdacontent
_atexto
_btxt
337 _2rdamedia
_asin mediación
_bn
338 _2rdacarrier
_avolumen
_bnc
505 _aNaturaleza del conocimiento histórico - Historia y historicismo - El crecimiento de una filosofía de la historia - La nueva ciencia de Vico - Providencia - Cristianismo y historicismo - La vista crucial de la historia - Las dos ciudades - Historia de Israel
563 _aRústico
650 7 _aCristianismo
_9284
_xHistoria
_y1054
942 _cBK
945 _aJTF-925